Alle Craft Attack 12 Teilnehmer - Statistiken

Allgemein
  • Dieses Quiz wurde 219 mal gespielt
  • Das Durchschnittsergebnis liegt bei 43 aus 87
Antwortstatistiken
Bildquiz Antwort % Korrekt
BastiGHG
99%
Paluten
93%
rewinside
93%
Papaplatte
92%
laserluca
90%
Stegi
88%
HandOfBlood
87%
MAXIMAL_SCHRADIN
87%
nooreax
87%
benx
84%
Fabo
83%
selfiesandra
83%
Faister
82%
Fibii
82%
Mexify
82%
HoneyPuu
81%
CastCrafter
80%
Trymacs
80%
Chefstrobel
76%
Veni
75%
Wichtiger
75%
Zombey
75%
Chaosflo44
73%
merleperle
73%
Dilara
72%
Reeze
72%
zarbex
72%
AwesomeElina
71%
SparkofPhoenix
71%
GommeHD
68%
Mahluna
68%
baastiZockt
67%
Filow
67%
Gamerstime
66%
krokoboss
62%
Fuxelbau
59%
LOGO
59%
NORMAN
59%
RvNxMango
59%
Henke
58%
LetsHugo
58%
TheJoCraft
58%
Anna Gazanis
56%
xRohat
52%
NoRisk
45%
Exsl95
44%
Crocodileandy
39%
Urutox
37%
earliboy
36%
EinfachGustaf
35%
Felikah
35%
Rumathra
33%
Debitor
32%
Dhalucard
32%
Ryole
32%
UnsympathischTV
31%
Clym
29%
LarsLP
29%
iOser100
27%
notGambo
27%
Caravas
25%
skate702
25%
Tolkin
25%
TooBad
25%
Zander
24%
HerrBergmann
22%
Kedos
22%
Noway4u
22%
Petrit
21%
Techtastisch
21%
Niekbeats
20%
mooo
19%
Sintica
19%
Zinus
19%
Blizzor
18%
mienah
18%
Halbzwilling
16%
Arfore
15%
Repaz
14%
Sebo
14%
Flocke
13%
SpaceMitX
12%
PumiTheCat
10%
RGBPixl
10%
Karni
7%
JaybeeMangror
4%
tobifas
4%
Keine übereinstimmenden Quizze gefunden
Verteilung der Resultate
Anzahl Personen mit jedem Resultat
Perzentil nach korrekt beantworteten Fragen
Ihre Resultats-Entwicklung
Sie haben dieses Quiz noch nicht gespielt